• 首页
  • 本馆介绍
  • 公告通知
  • 最新文献
  • 馆藏检索
  • 电子资源
  • 读者导购
  • 参考咨询
  • 我的图书馆
  • 登录
  • 详细信息显示
  • 放入我的书架
  • 预约/预借图书
  • 作者相关作品
  • 分类相关作品
  • 丛书相关作品
  • 出版社相关作品

书目信息

  • 表格格式
  • 工作单格式
  • 卡片格式
书名: Probability and statistics
作者: Morris H. DeGroot.
分册号:
分册名:
出版地: Reading, Mass. :
 
出版社: Addison-Wesley Pub. Co
出版时间: c1975.
页数: xiv, 607 p. :
开本: 25 cm.
丛书名:
中图分类号:
科图分类号:
其他分类号: O21:H31
主题词:
电子资源:
000 00797nam 2200265 i 4504
001 E0752674898
005 20070725110222.21
008 751008s1975 maua b 001 0 eng
010    @a74019691
020    @a020101503X.
040    @aDLC@cDLC@dm/c
050 00 @aQA273@b.D35
082    @a519.2
090    @aP16/W48
090    @aO21:H31
099    @dO21:H31@ex19
100 1  @aDeGroot, Morris H.,@d1931-
245 10 @aProbability and statistics / @cMorris H. DeGroot.
260    @aReading, Mass. :@bAddison-Wesley Pub. Co.,@cc1975.
300    @axiv, 607 p. :@bill. ;@c25 cm.
490 0  @aAddison-Wesley series in behavioral science.
500    @aIncludes index.
504    @aBibliography: p. 567-568.
650  0 @aMathematical statistics.
650  0 @aProbabilities.
    
    Probability and statistics / / Morris H. DeGroot.-Reading, Mass. : : Addison-Wesley Pub. Co., , c1975.
    xiv, 607 p. : : ill. ; ; 25 cm.- (Addison-Wesley series in behavioral science. )
    Includes index.-Bibliography: p. 567-568.
    
    ISBN 020101503X.
    
●
相关链接 在E读中查询图书 在五车中查询图书 在当当中查询图书 在豆瓣中查询图书


正题名:Probability and statistics     索取号:O21:H31/x19         预约/预借

序号 登录号 条形码 馆藏地/架位号 状态 备注
1 16964   300135565   密集书库/ [索取号:O21:H31/x19] 在馆    
2 49095   000452628   第四借阅区/ [索取号:O21:H31/x19] 在馆    
唐山师范学院图书馆 欢迎您!
大连网信软件有限公司© 版权所有